Länder, die an Brasilien grenzen - Sudden Death - Statistiken

Allgemein
  • Dieses Quiz wurde 235 mal gespielt
  • Das Durchschnittsergebnis liegt bei 7 aus 10
Answers on the Grid
Answers color-coded by a green-red scale on the quiz's grid according to % correct below.
Argentinien
Bolivien
Peru
Venezuela
Suriname
Guyana
Uruguay
Paraguay
Frankreich
Kolumbien
Chile
Ecuador
Neugranada
Panama
Spanien
Portugal
Trinidad und Tobago
El Salvador
Vereinigte Staaten
Philippinen
Kuba
Bahamas
Dominikanische Republik
Costa Rica
 
Antwortstatistiken
Antwort % Korrekt
Argentinien
80%
Uruguay
76%
Paraguay
72%
Suriname
72%
Bolivien
71%
Venezuela
69%
Kolumbien
66%
Peru
63%
Guyana
62%
Frankreich
53%
Keine übereinstimmenden Quizze gefunden
Verteilung der Resultate
Anzahl Personen mit jedem Resultat
Perzentil nach korrekt beantworteten Fragen
Ihre Resultats-Entwicklung
Sie haben dieses Quiz noch nicht gespielt